Normal view
MARC view
- الفن الإسلامي-نظرية الفن الإسلامي-النظرية الإستشراقية-علم الجمال
Entry Topical Term
001 - CONTROL NUMBER
- control field: 45557
003 - CONTROL NUMBER IDENTIFIER
- control field: JO-AjAnu
005 - DATE AND TIME OF LATEST TRANSACTION
- control field: 20230606081532.0
008 - FIXED-LENGTH DATA ELEMENTS
- fixed length control field: 230606|| aca||aabn | a|a d
040 ## - CATALOGING SOURCE
- Original cataloging agency: JO-AjAnu
- Transcribing agency: JO-AjAnu
150 ## - HEADING--TOPICAL TERM
- Topical term or geographic name entry element: الفن الإسلامي-نظرية الفن الإسلامي-النظرية الإستشراقية-علم الجمال
670 ## - SOURCE DATA FOUND
- Source citation: Work cat.: (JO-AjAnu)23325: حنش، إدهام محمد, author 45556, نظرية الفن الإسلامي :المفهوم الجمالي والبيئة المعرفية